Longman Dictionary Contemporary English
| Format: | Book |
|---|---|
| Published: |
England :
Pearson Education Limited ,
2003
|
| Edition: | New ed. |
| Subjects: |
MARC
| LEADER | 00000cam a2200000 7i4500 | ||
|---|---|---|---|
| 001 | 0000081423 | ||
| 005 | 20181212.0 | ||
| 008 | 181212 | ||
| 020 | |a 0582511844 | ||
| 020 | |a 9780582511842 | ||
| 090 | 0 | 0 | |a 423 |b DIC |
| 245 | 1 | 0 | |a Longman Dictionary Contemporary English |
| 250 | |a New ed. | ||
| 260 | |a England : |b Pearson Education Limited , |c 2003 | ||
| 300 | |a 796pg. : |b col. ill. | ||
| 500 | |a Includes Index(793-796pg.) | ||
| 650 | 0 | |a English language-Dictionaries. | |
| 650 | 0 | |a English language |x Terms and phrases | |
| 999 | |a 0001517754 |b Book |c Adult Collection |e Cawangan Bandar Penawar | ||